[Event "EU-ch (Women) 24th"]
[Site "Rhodes"]
[Date "2024.04.29"]
[Round "10"]
[White "Karaivanova, Petya F"]
[Black "Kochavi, Dana"]
[Result "0-1"]
[WhiteElo "1909"]
[BlackElo "2084"]
[PlyCount "88"]
[EventDate "2024.04.19"]
[EventType "swiss"]
[EventRounds "10"]
[EventCountry "GRE"]
[SourceTitle "CB18_2024"]
[SourceDate "2024.05.01"]
[SourceVersion "1"]
[SourceVersionDate "2024.05.01"]
[SourceQuality "2"]

1. e4 c6 2. d4 d5 3. e5 Bf5 4. Nf3 e6 5. Be2 Nd7 6. 0-0 Bg6 7. a4 Nh6 8. a5 Nf5 9. c3 Be7 10. b4 0-0 11. Nbd2 f6 12. Nb3 fxe5 13. Nxe5 Nxe5 14. dxe5 Qc7 15. f4 c5 16. b5 c4 17. Nd4 Nxd4 18. cxd4 Bb4 19. Bg4 Rae8 20. Bh5 Bxh5 21. Qxh5 Bc3 22. Be3 Bxa1 23. Rxa1 Qd7 24. Rb1 Rc8 25. Qe2 c3 26. Qc2 Rc4 27. Rb3 Rfc8 28. g4 Qe7 29. h3 Rb4 30. Rxc3 Rbc4 31. Rxc4 Rxc4 32. Qf2 Qb4 33. Qh4 Qb1+ 34. Kh2 Rc2+ 35. Bf2 Qxb5 36. Qd8+ Kf7 37. Kg3 Qe8 38. Qd6 Qe7 39. Qb8 a6 40. Kg2 Qh4 41. Qxb7+ Kg6 42. f5+ Kh6 43. g5+ Qxg5+ 44. Kf1 Qxf5 0-1

[Event "EU-ch (Women) 24th"]
[Site "Rhodes"]
[Date "2024.04.22"]
[Round "4"]
[White "Isgandarova, Khadija"]
[Black "Karaivanova, Petya F"]
[Result "0-1"]
[WhiteElo "2102"]
[BlackElo "1909"]
[PlyCount "102"]
[EventDate "2024.04.19"]
[EventType "swiss"]
[EventRounds "10"]
[EventCountry "GRE"]
[SourceTitle "CB18_2024"]
[SourceDate "2024.05.01"]
[SourceVersion "1"]
[SourceVersionDate "2024.05.01"]
[SourceQuality "2"]

1. e4 e5 2. Nf3 Nc6 3. Bc4 Nf6 4. d3 Bc5 5. 0-0 0-0 6. h3 d5 7. exd5 Nxd5 8. Re1 Nb6 9. Bb3 a5 10. a4 h6 11. Nbd2 Bd6 12. Ne4 Kh8 13. Nfg5 Qe7 14. Qh5 Nd8 15. Nf3 Kh7 16. Nh4 Bd7 17. Ng5+ Kg8 18. Ng6 Qf6 19. Nxf8 Bxf8 20. Ne4 Qe7 21. Bg5 Qe8 22. Bxh6 Be6 23. Re3 Nd7 24. Rg3 Bxb3 25. cxb3 Ne6 26. Bg5 f5 27. Qxe8 Rxe8 28. Nf6+ gxf6 29. Bxf6+ Kf7 30. Bg5 Nd4 31. Re1 Bd6 32. Bh6 Nc5 33. f4 e4 34. dxe4 fxe4 35. Rc3 Nd3 36. Rxe4 Rxe4 37. Rxd3 Ne2+ 38. Kf2 Nxf4 39. Rxd6 cxd6 40. Kf3 Rb4 41. Bxf4 Rxb3+ 42. Ke4 Rxb2 43. Kd5 Rxg2 44. Kc4 Ke6 45. Kb5 Rb2+ 46. Kxa5 d5 47. h4 d4 48. h5 d3 49. h6 d2 50. Be5 d1Q 51. Bxb2 Qd2+ 0-1

[Event "World ol U16"]
[Site "Eindhoven"]
[Date "2023.08.16"]
[Round "6.17"]
[White "Karaivanova, Petya F"]
[Black "Omeri, Eklea"]
[Result "1-0"]
[WhiteElo "2043"]
[BlackElo "1646"]
[PlyCount "86"]
[EventDate "2023.08.13"]
[EventType "team-swiss"]
[EventRounds "9"]
[EventCountry "NED"]
[SourceTitle "CBM 215 Extra"]
[Source "ChessBase"]
[SourceDate "2023.09.30"]
[SourceVersion "1"]
[SourceVersionDate "2023.09.30"]
[SourceQuality "1"]
[WhiteTeam "Bulgaria"]
[BlackTeam "Albania"]
[WhiteTeamCountry "BUL"]
[BlackTeamCountry "ALB"]

1. e4 d5 2. exd5 Qxd5 3. Nc3 Qa5 4. d4 c6 5. Nf3 Bf5 6. Ne5 Nd7 7. Nc4 Qc7 8. d5 Ngf6 9. dxc6 Qxc6 10. Ne3 Bg6 11. Bb5 Qc8 12. f4 e6 13. Qf3 Bb4 14. 0-0 a6 15. Ba4 b5 16. Bb3 Bxc3 17. bxc3 Be4 18. Qg3 Qxc3 19. Rb1 Qc5 20. Bb2 Nh5 21. Qf2 Nhf6 22. Rbd1 0-0-0 23. Bd4 Qc7 24. c4 b4 25. Qd2 Qb7 26. c5 Kb8 27. Rc1 Bc6 28. Nc4 Ne4 29. Qe1 Ndxc5 30. Na5 Qb5 31. Nxc6+ Qxc6 32. Bxc5 Nxc5 33. Qe5+ Kb7 34. Rxc5 Qd6 35. Qe4+ Kb6 36. Qxb4+ Ka7 37. Rfc1 Rd7 38. Qa5 Qd4+ 39. Kh1 Rb8 40. Ba4 Rdb7 41. Rc6 Rb6 42. Rxb6 Rxb6 43. Rd1 Qe4 1-0

[Event "Paracin op 16th"]
[Site "Paracin"]
[Date "2023.07.12"]
[Round "6"]
[White "Kolchin, Maxim"]
[Black "Karaivanova, Petya F"]
[Result "1-0"]
[WhiteElo "2100"]
[BlackElo "1841"]
[PlyCount "101"]
[EventDate "2023.07.07"]
[EventType "swiss"]
[EventRounds "9"]
[EventCountry "SRB"]
[SourceTitle "EXT 2024"]
[Source "ChessBase"]
[SourceDate "2023.10.10"]
[SourceVersion "1"]
[SourceVersionDate "2023.10.10"]
[SourceQuality "1"]

1. Nf3 Nf6 2. e3 d5 3. c4 e6 4. Nc3 c6 5. b3 Bd6 6. Bb2 Nbd7 7. Qc2 Qe7 8. Be2 a6 9. h3 e5 10. Rc1 0-0 11. g4 h6 12. h4 Ne4 13. Nxe4 dxe4 14. Qxe4 Nf6 15. Qb1 Bxg4 16. c5 Bxc5 17. Nxe5 Bxe2 18. Kxe2 Ba3 19. Rcg1 Bxb2 20. Qxb2 Rfe8 21. Ng4 Nxg4 22. Rxg4 Qe5 23. Qxe5 Rxe5 24. Rhg1 g6 25. f4 Ra5 26. b4 Rxa2 27. h5 Kg7 28. hxg6 f6 29. f5 Rd8 30. Rd4 Rxd4 31. exd4 Rb2 32. Kd3 Rxb4 33. Re1 Rb3+ 34. Ke4 Rh3 35. d5 cxd5+ 36. Kf4 Rh4+ 37. Kf3 Rh3+ 38. Kg4 Rh2 39. Re7+ Kg8 40. Rf7 Rg2+ 41. Kf3 Rxd2 42. Rxf6 a5 43. Rb6 Rd1 44. Kf4 Re1 45. Re6 Re4+ 46. Kf3 Rxe6 47. fxe6 Kf8 48. Kf4 d4 49. Ke5 d3 50. Kf6 d2 51. g7+ 1-0

[Event "Wch U16 Girls"]
[Site "Mamaia"]
[Date "2022.09.11"]
[Round "6"]
[White "Karaivanova, Petya F"]
[Black "Roebers, Eline"]
[Result "0-1"]
[WhiteElo "1844"]
[BlackElo "2375"]
[PlyCount "60"]
[EventDate "2022.09.06"]
[EventType "swiss"]
[EventRounds "11"]
[EventCountry "ROU"]
[SourceTitle "CBM 210 Extra"]
[Source "ChessBase"]
[SourceDate "2022.11.30"]
[SourceVersion "1"]
[SourceVersionDate "2022.11.30"]
[SourceQuality "1"]

1. e4 c5 2. Nf3 e6 3. d4 cxd4 4. Nxd4 Nc6 5. Nc3 Nf6 6. Be3 Bb4 7. Nxc6 bxc6 8. Qf3 d5 9. exd5 cxd5 10. Bd4 0-0 11. Bb5 Rb8 12. Ba4 Ba6 13. 0-0-0 Bd6 14. Rhe1 Bc4 15. g4 Nd7 16. b3 Ba6 17. Bxd7 Qxd7 18. Ne2 Rfc8 19. Kb1 Qc7 20. Rc1 Bb4 21. c3 Ba3 22. Nf4 Bxc1 23. Kxc1 Qa5 24. Kb2 Bc4 25. Nh5 Bxb3 26. axb3 Qa4 27. Qd1 Rc6 28. Be5 Rb7 29. Bxg7 Ra6 30. Qc2 Qa3+ 0-1

[Event "EU-ch Hybrid U14 Girls"]
[Site "Tornelo INT"]
[Date "2021.10.15"]
[Round "7"]
[White "Karaivanova, Petya F"]
[Black "Gvatua, Mariam"]
[Result "1-0"]
[WhiteElo "2006"]
[BlackElo "1407"]
[PlyCount "45"]
[EventDate "2021.10.15"]
[EventType "swiss"]
[EventRounds "9"]
[EventCountry "NET"]
[SourceTitle "EXT 2023"]
[Source "ChessBase"]
[SourceDate "2022.10.05"]
[SourceVersion "1"]
[SourceVersionDate "2022.10.05"]
[SourceQuality "1"]
[WhiteTeam "Bulgaria"]
[BlackTeam "Georgia"]
[WhiteTeamCountry "BUL"]
[BlackTeamCountry "GEO"]

1. e4 d5 2. exd5 Qxd5 3. Nc3 Qa5 4. d4 c6 5. Nf3 Nf6 6. Bc4 Bf5 7. Bd2 Qc7 8. Ne5 e6 9. g4 Bg6 10. f4 Nbd7 11. Qf3 h5 12. Nxg6 fxg6 13. Bxe6 Qd6 14. 0-0-0 0-0-0 15. Rhe1 hxg4 16. Qf2 Be7 17. d5 c5 18. Bf7 Nb6 19. Nb5 Qb8 20. Rxe7 Nbd7 21. Be6 a6 22. Qxc5+ Qc7 23. Qxc7# 1-0